Diversificación del bloque dominante y producción pecuaria

Gespeichert in:
Bibliographische Detailangaben
Format: Text
Veröffentlicht: s.l: s.e.
Tags: Tag hinzufügen
Keine Tags, Fügen Sie den ersten Tag hinzu!

MARC

LEADER 00000 a a2200000 04500
001 23986
003
040
090 |a 170100  
245 |a Diversificación del bloque dominante y producción pecuaria  
260 |a s.l:   |b s.e.  
300 |a pp. 180-223  
999 |c 14220  |d 14220